LEADER 01120nam a2200301 u 4500 001 000000042907 003 CaOOAMICUS 005 20070226114358.0 008 990310s1992 it u000 u ita u 020 $a8871050169 035 $a10817061 040 $aPUL(R)$bita 245 00$aCristianesimo e religione /$cGianni Ambrosio ... [et al.]. 260 $aMilano :$bEd. Glossa,$cc1992. 300 $a233 p. ;$c21 cm 490 1 $aDisputatio ;$v4 500 $aContiene indici. 504 $aBibliografia in nota. 650 4$aCristianesimo e altre religioni.$0(OLS)http://pul/subject/268 700 1 $aAmbrosio, Gianni.$0(OLS)http://pul/name/31463 830 0$aDisputatio ;$v4.$0(OLS)http://pul/title/57870 850 $aPUL 852 $aPUL$W1$xSL Religione 1$y3$m58 B 75$j57885$nBK-PRI$b $qStampati$B57885$CPULBib$Z2$F57885 $H $81 941 1 $a8 961 $aINV: 79352 996 $6020$a8871050169$9(OLS)http://pul/number/53509 996 $6245$aCristianesimo e religione$9(OLS)http://pul/title/57869 996 $6260$aMilano :$bEd. Glossa$9(OLS)http://pul/publisher/65069 LEADER 01307nam a2200277 u 4500 001 000000077389 003 CaOOAMICUS 005 20070226123321.0 008 040202s2003 enka u000 u eng u 020 $a1844720012 035 $a10982984 040 $aPUL$bita 245 00$aViews of ancient Egypt since Napoleon Bonaparte :$bimperialism, colonialism and modern appropriations /$cedited by David Jeffreys. 260 $aLondon :$bUCL Press institute of archaeology,$cc2003. 300 $axvi, 223 p. :$bill. ;$c23 cm 490 1 $aEncounters with Ancient Egypt 500 $a"Index": p. [217]-223. 651 4$aEgitto$xAntichità.$0(OLS)http://pul/subject/25299 700 1 $aJeffreys, D. G.$q(David Glenmor).$0(OLS)http://pul/name/51450 830 0$aEncounters with Ancient Egypt.$0(OLS)http://pul/title/101450 850 $aPUL 852 $aPUL$W1$xSL Religione 1$y3$m10(3) A 7.8$j99424$nBK-PRI$b $qStampati$B99424$CPULBib$Z2$F99424 $HPUL94017 $81 941 1 $a8 996 $6020$a1844720012$9(OLS)http://pul/number/101424 996 $6245$aViews of ancient Egypt since Napoleon Bonaparte :$bimperialism, colonialism and modern appropriations$9(OLS)http://pul/title/101477 996 $6260$aLondon :$bUCL Press institute of archaeology$9(OLS)http://pul/publisher/75083